La Prevención y la lucha contra el trauma como requisito previo para la paz y la justicia /

Guardado en:
Bibliografiske detaljer
Hovedforfatter: Alpkan, Selmin
Format: Texto
Fag:
Tags: Tilføj Tag
Ingen Tags, Vær først til at tagge denne postø!

MARC

LEADER 00000 a a2200000 04500
001 9715
003
040
100 |a Alpkan, Selmin  
245 |a La Prevención y la lucha contra el trauma como requisito previo para la paz y la justicia /  |c Selmin Alpkan 
650 |a ABUSO SEXUAL  
650 |a TERAPIA  
773 |g número 27; páginas 54  
999 |c 39316  |d 39316